Propuesta para el desarrollo de un programa de investigación sobre propiedad social /

Guardat en:
Dades bibliogràfiques
Autor principal: Mayorga Acuña, Luis Fernando
Altres autors: Vega Martínez, Mylena, Bolaños Villalobos, Rafael Angel
Format: Text
Publicat: San José: UCR. IIS
Matèries:
Etiquetes: Afegir etiqueta
Sense etiquetes, Sigues el primer a etiquetar aquest registre!

MARC

LEADER 00000 a a2200000 04500
001 14507
003
040 |a CRAI/IIS  |c CRAI/IIS 
090 |a 022600  
100 |a Mayorga Acuña, Luis Fernando  
245 |a Propuesta para el desarrollo de un programa de investigación sobre propiedad social /  |c Luis Fernando Mayorga Acuña 
260 |a San José:   |b UCR. IIS  
300 |a 71 p.  
500 |a Programa de Investigación y Servicio sobre Propiedad Social en Costa Rica, con Enfasis en Cooperativismo  
650 |a COOPERATIVAS  
700 |a Vega Martínez, Mylena  
700 |a Bolaños Villalobos, Rafael Angel  
999 |c 3641  |d 3641